| 000 | 01611nam a2200277 a 4500 | ||
|---|---|---|---|
| 001 | 000007831 | ||
| 005 | 20260209112057.0 | ||
| 008 | 090911s2009 dr 000 0 spa d | ||
| 020 | _a9789945427776 | ||
| 040 |
_aDO-SdBNP _bspa _cBNPHU |
||
| 082 |
_a346.077 _bJ94d |
||
| 100 | 1 |
_aJulián, José Francisco, _d1949- _921527 |
|
| 245 | 1 | 0 |
_aDerechos, defensas y obligaciones del deudor / _cJosé Fco. Julián. |
| 260 |
_aSanto Domingo : _bBúho, _c2009. |
||
| 300 |
_a439 p. ; _c23 cm. |
||
| 500 | _aIncluye datos biográficos del autor en la solapa de la cubierta. | ||
| 504 | _aBibliografía: p. 437-439. | ||
| 505 | 0 |
_gIntroducción -- _tDerechos, defensas y obligaciones del deudor -- _tNovación -- _tCesión de bienes -- _tNulidad -- _tResoluciones -- _tLa prescripción -- _tLa compensación -- _tPerención -- _tExcepciones del procedimiento -- _tDemandas reconvencionales -- _tRecurso de impugnación -- _tMás vías de la parte demandada para su defensa -- _tCivil. Notificación de recurso de apelación -- _tMemorial de defensa -- _tDemanda de amparo -- _tLey sobre préstamo de menor cuantía -- _tDoctrina -- _tSanciones de la falta de pago -- _tEl cheque -- _tDemanda de divorcio -- _tDivorcio a vapor -- _tCesión de créditos -- _tObligaciones del cesionario -- _tEmbargo retentivo -- _tHipotecas -- _gBibliografía compendiada. |
|
| 590 | _aInventariado, 2018/LP | ||
| 650 | 4 |
_aDeudor y acreedor _921558 |
|
| 650 | 4 |
_aCompromiso (derecho) _921559 |
|
| 650 | 0 |
_aObligaciones (Derecho) _921560 |
|
| 650 | 4 |
_aCumplimiento (derecho) _921561 |
|
| 650 | 4 |
_aNovación _921562 |
|
| 910 | _aValidado. Control de calidad EMS. | ||
| 999 |
_c7609 _d7609 |
||